00509nam a2200145Ia 450000500170000000800410001702000150005808200130007310000180008624500470010425000080015126000450015930000130020450001460021720250213002123.0240331s9999 xx 000 0 und d a9555520194 bDEWa954 aDewaraja, L.S 4aThe Kandyan kingdom of Sri Lanka 1707-1782 a2nd aColombobLake House Investment Ltdc1988 a304 p ., aThe Publication of the Second edition of the Kandyan Kingdom Enlarged and revised was possible due to the interest shown by J.R. Jayewardene